|
|
|
|
| LEADER |
00000ntmaa2200000 a 4500 |
| 001 |
vtls011773478 |
| 003 |
SK-MaSNL |
| 005 |
20260301045559.0 |
| 008 |
251201s1870 xo || 000n1 slo |
| 035 |
|
|
|a F9BDAD93-F1D6-45EE-B2DA-C1BDDCE97708
|
| 035 |
|
|
|a urn:nbn:sk:snk-tm3n35y
|
| 035 |
|
|
|a urn:nbn:sk:snk-tm00e5xc
|
| 040 |
|
|
|a SNKLA
|b slo
|c SNKLA
|e AACR2
|
| 041 |
0 |
|
|a slo
|
| 044 |
|
|
|a xo
|c SK
|
| 072 |
|
7 |
|a 37
|x Výchova a vzdelávanie
|2 konspekt
|
| 080 |
|
|
|a 37.013
|2 2011
|
| 080 |
|
|
|a 025.171
|2 2011
|
| 080 |
|
|
|a 37.018.56
|2 2011
|
| 080 |
|
|
|a (075)
|2 2011
|
| 245 |
0 |
0 |
|a [Výchovoveda]
|
| 260 |
|
|
|a [Dokument vznikol na Slovensku]
|c [1870?]
|
| 300 |
|
|
|a 32 nečíslovaných strán
|b rukopis, viazaný
|c 21 cm
|
| 500 |
|
|
|a Na prednom kartóne zápis modrou pastelkou: Výchovoveda Beblavý
|
| 500 |
|
|
|a Vložený lístok pôvodného spracovania
|
| 520 |
2 |
|
|a Prirodzené a umelé prostriedky telesnej výchovy, duševná výchova
|
| 555 |
0 |
|
|a Inventár rukopisov Archívu literatúry a umenia Slovenskej národnej knižnice. Rukopisy Muzeálnej slovenskej spoločnosti : Slovenská národná knižnica 2008
|
| 561 |
|
|
|a Okrúhla pečiatka: Museálna slovenská spoločnosť
|
| 561 |
|
|
|a Zápis: Dar. Pav. Beblavý
|
| 610 |
2 |
7 |
|a Evanjelická cirkev a.v.
|2 SNKKA
|9 32425
|
| 650 |
0 |
7 |
|a teória výchovy
|2 SNKPH
|9 27783
|
| 650 |
0 |
7 |
|a cirkevné školy
|2 SNKPH
|9 4074
|
| 655 |
|
7 |
|a rukopisy
|2 SNKPH
|9 70548
|
| 655 |
|
7 |
|a učebné pomôcky
|2 SNKPH
|9 70567
|
| 700 |
1 |
|
|a Beblavý, Pavel,
|d 1847-1910
|4 dnr
|9 62247
|
| 852 |
|
|
|a Slovenská národná knižnica
|b Literárny archív
|
| 852 |
|
|
|a Slovenská národná knižnica
|b Literárny archív
|
| 958 |
|
|
|a MS
|
| 958 |
|
|
|a LAVD
|
| 999 |
|
|
|c 598822
|d 600752
|
| 952 |
|
|
|a SNKLA
|b SNKLA
|c SNKLA_DEP
|y NEVYP
|7 0
|p 17A1228313
|o snkMSS 154
|0 0
|1 0
|4 0
|d 2018-08-20
|f 1
|l 0
|r 2026-02-23 15:47:11
|w 2026-02-23
|